Principles of Economics (Record no. 2994)

MARC details
005 - DATE AND TIME OF LATEST TRANSACTION
control field 20250602103152.0
020 ## - INTERNATIONAL STANDARD BOOK NUMBER
International Standard Book Number 9987-694-10-1
100 ## - MAIN ENTRY--PERSONAL NAME
Author name MUTASA, F.L
245 ## - TITLE STATEMENT
Title Principles of Economics
250 ## - EDITION STATEMENT
Edition statement 2nd Ed.
260 ## - PUBLICATION, DISTRIBUTION, ETC.
Place of publication, distribution, etc. Dar es Salaam
Name of publisher, distributor, etc. The Tanzania Institute of Bankers
Date of publication, distribution, etc. 2011
300 ## - PHYSICAL DESCRIPTION
Extent iv, 330p.: ill; graphs, tables,
Dimensions 24.3cm
942 ## - ADDED ENTRY ELEMENTS (KOHA)
Source of classification or shelving scheme Dewey Decimal Classification
Koha item type Books
Holdings
Date last seen Total checkouts Full call number Barcode Cost, replacement price Price effective from Koha item type Lost status Source of classification or shelving scheme Damaged status Not for loan Withdrawn status Home library Current library Shelving location Date acquired Cost, normal purchase price Date last checked out Source of acquisition
06/02/2025   330 FEL MBY000148 120000.00 06/02/2025 Books   Dewey Decimal Classification       CBE MBEYA CBE MBEYA Special Reserve Collection 06/02/2025 40000.00    
04/23/2026 1 330 MUT MBY000980 90000.00 06/28/2025 Books   Dewey Decimal Classification       CBE MBEYA CBE MBEYA General Collection 07/04/2022 30000.00 04/23/2026 PURCHASE